[Event "Open SSC Rostock 07 - 2009"]
[Site "Rostock"]
[Date "2009.08.30"]
[Round "7.21"]
[White "Jaehn, Justin"]
[Black "Friedel, Roland"]
[Result "0-1"]
[WhiteElo "1587"]
[BlackElo "1757"]
[PlyCount "66"]
[EventDate "2009.08.27"]
[EventType "swiss"]
[EventRounds "7"]
[EventCountry "GER"]
[Source "Th. Schwetlick"]
[SourceDate "2009.08.27"]
[WhiteTeam "SF Schwerin"]
[BlackTeam "SSC Rostock 07"]

1. Nf3 d5 2. b3 Nf6 3. e3 Bg4 4. Be2 e6 5. Bb2 Nbd7 6. O-O Be7 7. d3 O-O 8.
Nbd2 c6 9. Rc1 Qa5 10. a4 Bb4 11. Nb1 Rac8 12. c3 Be7 13. b4 Qc7 14. Nbd2 Bd6
15. h3 Bh5 16. Kh1 Ne5 17. Nxe5 Bxe2 18. Qxe2 Bxe5 19. f4 Bd6 20. g4 Nd7 21.
Rg1 Qd8 22. Rcf1 e5 23. f5 Qh4 24. Qg2 Qg5 25. Qf2 c5 26. b5 d4 27. exd4 cxd4
28. c4 Nc5 29. Ne4 Nxe4 30. dxe4 Rxc4 31. Bc1 Qd8 32. f6 Qxf6 33. Qa2 Qe6 0-1

[Event "Open SSC Rostock 07 - 2009"]
[Site "Rostock"]
[Date "2009.08.30"]
[Round "7.23"]
[White "Bardosch, Karl Valentin"]
[Black "Jaehn, Janis"]
[Result "1-0"]
[WhiteElo "1266"]
[BlackElo "1461"]
[PlyCount "73"]
[EventDate "2009.08.27"]
[EventType "swiss"]
[EventRounds "7"]
[EventCountry "GER"]
[Source "Th. Schwetlick"]
[SourceDate "2009.08.27"]
[WhiteTeam "SSC Rostock 07"]
[BlackTeam "SF Schwerin"]

1. e4 c5 2. Nf3 e6 3. d4 cxd4 4. Nxd4 a6 5. Nc3 d6 6. Be3 Nf6 7. Be2 Qc7 8. Qd2
Be7 9. f3 b5 10. Nd1 Bb7 11. Nf2 Nbd7 12. O-O-O Ne5 13. Kb1 Nc4 14. Bxc4 bxc4
15. c3 O-O 16. Rde1 Rfb8 17. g4 Bc8 18. h4 d5 19. Qe2 Ba3 20. Bc1 Bd7 21. Nc2
Bf8 22. Nd1 Rb5 23. h5 Rab8 24. Reg1 a5 25. g5 Ne8 26. g6 f6 27. gxh7+ Kh8 28.
h6 Bc6 29. Nd4 Bd7 30. hxg7+ Nxg7 31. Bh6 Bc8 32. Bxg7+ Bxg7 33. Nxb5 Rxb5 34.
exd5 Rxd5 35. Ne3 Rd3 36. Nxc4 Qxc4 37. Rxg7 1-0

[Event "Open SSC Rostock 07 - 2009"]
[Site "Rostock"]
[Date "2009.08.30"]
[Round "7.25"]
[White "Breuel, Steffen"]
[Black "Goldmund, Heike"]
[Result "1-0"]
[WhiteElo "1054"]
[BlackElo "1027"]
[PlyCount "51"]
[EventDate "2009.08.27"]
[EventType "swiss"]
[EventRounds "7"]
[EventCountry "GER"]
[Source "Th. Schwetlick"]
[SourceDate "2009.08.27"]
[WhiteTeam "SSC Rostock 07"]
[BlackTeam "SV Wartburgstadt Eisenach"]

1. d4 d5 2. Nf3 c6 3. e3 Bg4 4. Nbd2 Nf6 5. Bd3 Nbd7 6. O-O Qb6 7. c4 e6 8. h3
Bh5 9. a4 c5 10. cxd5 Nxd5 11. Nc4 Qc7 12. dxc5 Nxc5 13. Be2 O-O-O 14. Nd4 Bxe2
15. Qxe2 Bd6 16. Nb5 Qb8 17. Nbxd6+ Rxd6 18. Nxd6+ Qxd6 19. Qc4 Nb6 20. Qc2 Qc6
21. b3 Nbd7 22. Bb2 e5 23. Rfc1 Qb6 24. Bxe5 Nxe5 25. Qxc5+ Qc7 26. Qxc7# 1-0